Problémy s doručovaním

Bibliographic Details
Main Author: Kukura, Matej (Author)
Format: Article
Language:Slovak
Subjects:

MARC

LEADER 00000nab a2200000 a 4500
001 vtls010183928
003 SK-MaSNL
005 20260304155603.0
008 250507c2010 xo ||||||||||||00 b|slo
015 |a SNBRB2010/10  |2 snkbucl 
035 |a (uuid)55e1aae6-4f9c-4a41-a3bf-33f89f4a930b 
035 |a urn:nbn:sk:snk-ab175n 
035 |a (urnnbn)urn:nbn:sk:snk:ar-003kiv 
038 |a SNKBUCL 
040 |a SNKBUCL  |b slo  |c SNKBUCL  |e AACR2 
041 0 |a slo 
044 |a xo  |c SK 
080 |a 347.923  |2 2001 
100 1 |a Kukura, Matej  |4 aut  |9 1481428 
245 1 0 |a Problémy s doručovaním  |c Matej Kukura 
504 |a Bibliogr. odkazy 
650 0 7 |a doručovanie súdnych rozhodnutí  |2 snkbucl  |9 1481429 
773 0 |t Justičná revue  |g Roč. 62, č. 8-9 (2010), s. 898-910  |x 1335-6461 
850 |a Slovenská národná knižnica 
852 |a Slovenská národná knižnica 
954 |a odborná, vedecká literatúra pôvodná (slovenská)  |2 lita 
958 |a article27 
958 |a OND 
958 |a SK 
958 |a NB 
958 |a EUIPO 
999 |c 2963243  |d 2965173